000 00375nam a2200133Ia 4500
008 211109s9999||||xx |||||||||||||| ||und||
082 _a519.06
_bWAU-D
100 _aWaugh, Evelyn
245 0 _aDecline and Fall
260 _bPenguin Books
_aNoplace
_c1976
630 _xGeneral Stack
650 _aNatural Sciences
_vMathematics
_xProbabilityStatisticsGeneralia
942 _cBOOK
999 _c67821
_d67821